00543nam a2200181Ia 4500003000400000005001700004008004100021040000700062041001200069082001600081100007700097245007800174260003900252300001600291365001200307650002300319650001900342OSt20251127112531.0210719s2002 xx 000 0 und d cAL aKannada aK894.1 TIRT aTIRUMALISHAI ALVARdತಿರುಮಳಿಶೈ ಆಳ್ವಾರ್ aTiruchchandaviruttambತಿರುಚ್ಚಂದವಿರುತ್ತಂ aBengalurubAnanta Prakashanac2002 axix,206bPB b130cRs aKannada literature aKannada Poetry